| Record ID | ia:objectsfirstwith00davi_0 |
| Source | Internet Archive |
| Download MARC XML | https://archive.org/download/objectsfirstwith00davi_0/objectsfirstwith00davi_0_marc.xml |
| Download MARC binary | https://www.archive.org/download/objectsfirstwith00davi_0/objectsfirstwith00davi_0_meta.mrc |
LEADER: 00929cam a2200277 a 4500
001 2006044765
003 DLC
005 20070606114300.0
008 060315s2006 nyua 001 0 eng
010 $a 2006044765
020 $a9780131976290
020 $a013197629X
040 $aDLC$cDLC$dDLC
042 $apcc
050 00 $aQA76.64$b.B385 2006
082 00 $a005.1/17$222
100 1 $aBarnes, David J.$q(David John),$d1959 June 7-
245 10 $aObjects first with Java :$ba practical introduction using BlueJ /$cDavid J. Barnes and Michael K. Kölling.
250 $a3rd ed.
260 $aNew York :$bPearson Prentice Hall,$c2006.
300 $axxxi, 480 p. :$bcol. ill. ;$c25 cm. +$e1 CD-ROM (4 3/4 in.)
500 $aIncludes index.
650 0 $aObject-oriented programming (Computer science)
650 0 $aJava (Computer program language)
650 0 $aComputer science$xStudy and teaching.
700 1 $aKölling, Michael.